Statistics for countries where Ayrton Senna won Grand Prix

Click here to take the quiz!

General Stats

  • This quiz has been taken 75 times
    (64 since last reset)
  • The average score is 12 of 14

Answer Stats

winscountry% Correct
2Brazil
100%
6Monaco
96%
3Germany
91%
5United States
91%
2Britain
89%
5Italy
89%
2Spain
89%
2Australia
87%
1Portugal
87%
2Japan
85%
5Belgium
83%
1Mexico
79%
2Canada
77%
3Hungary
72%

Score Distribution

Percentile by Number Answered

Percent of People with Each Score

Your Score History

You have not taken this quiz since the last reset